000 00342nam a22001457a 4500
003 OSt
005 20160727222350.0
008 160622b xxu||||| |||| 00| 0 eng d
040 _ctest
100 _9380
_aA, R, C
245 _aFirst Aid
_b Text-Book
260 _bThe Blackiston Comp.
_c1940
300 _aFirst Aid : Text-Book
942 _2ddc
_cBK
999 _c309
_d309